Aeropuertos con más pasajeros de Australia - Estadísticas

Estadísticas generales
  • Esta prueba ha sido intentada 34 veces
  • La puntuación promedio es 8 de 20
Estadísticas de respuestas
# Aeropuerto IATA % Correcto
37.1 m Melbourne MEL
100%
44.4 m Sídney SYD
100%
3.24 m Canberra CBR
97%
24.0 m Brisbane BNE
90%
12.5 m Perth PER
86%
8.52 m Adelaida ADL
76%
1.95 m Darwin DRW
59%
6.49 m Gold Coast OOL
41%
2.78 m Hobart HBA
41%
555 k Alice Springs ASP
34%
4.78 m Cairns CNS
31%
1.28 m Newcastle NTL
28%
1.28 m Sunshine Coast MCY
10%
1.61 m Townsville TSV
10%
490 k Ayers Rock AYQ
3%
571 k Rockhampton ROK
3%
533 k Ballina BNK
0%
468 k Karratha KTA
0%
1.40 m Launceston LST
0%
841 k Mackay MKY
0%
No se encontraron pruebas coincidentes
Distribución de puntuación
Porcentaje de gente con cada puntuación
Porcentaje por número respondido
Historial de tus puntuaciones
No has intentado esta prueba.